000 00499pab a2200181 454500
008 180718b2003 xxu||||| |||| 00| 0 eng d
100 _aBraham Prakash
245 _aRole of family in detection, labelling, motivation, detoxification and rehabilitation of heroin addicts
260 _c2003
300 _ap.76-92.
362 _aJan
650 _aRehabilitation
650 _aMotivation
650 _aFamily
650 _aAddiction
773 _aIndian Journal of Social Work
909 _a60303
999 _c60303
_d60303